|
|
|
|
| LEADER |
00000cam a2200000 a 4500 |
| 001 |
vtls008338334 |
| 003 |
SK-MaSNL |
| 005 |
20260301190608.0 |
| 008 |
230403s1962 xr frln o000 0 slo |
| 015 |
|
|
|a SNBA1963/08-01586
|
| 020 |
|
|
|q (brožované)
|
| 035 |
|
|
|a SK01SNK19630030551
|
| 035 |
|
|
|a urn:nbn:sk:snk-am3iu9f
|
| 035 |
|
|
|a 40DE283C-EC45-49B7-B023-7A89E96AC1EB
|
| 035 |
|
|
|a urn:nbn:sk:snk-am00fhj3
|
| 035 |
|
|
|a SKM000033014
|
| 040 |
|
|
|a SNK
|b slo
|c SNK
|e AACR2
|
| 041 |
0 |
|
|a slo
|
| 044 |
|
|
|a xr
|c CZ
|
| 080 |
|
|
|a 619(094)
|2 1981
|
| 245 |
0 |
0 |
|a Sborník veterinárskych predpisov
|n 1. diel
|c zostavil kolektív pracovníkov veterinárneho odboru Ministerstva poľnohospodárstva, lesného a vodného hospodástva
|
| 260 |
|
|
|a Praha
|b Ministerstvo poľnohospodárstva, lesného a vodného hospodárstva
|c 1962
|
| 300 |
|
|
|a 338, [6] s.
|b tab.
|c 21 cm
|
| 504 |
|
|
|a Bibliografické odkazy
|
| 650 |
0 |
7 |
|a veterinárna medicína
|2 SNKPH
|9 1148
|
| 650 |
0 |
7 |
|a veterinárna starostlivosť
|2 SNKPH
|9 4001
|
| 650 |
0 |
7 |
|a legislatíva
|2 SNKPH
|9 121217
|
| 655 |
|
7 |
|a zborníky
|2 SNKPH
|9 70165
|
| 700 |
1 |
|
|a Polák, Ladislav
|4 com
|9 566045
|
| 852 |
|
|
|a Slovenská národná knižnica
|
| 954 |
|
|
|a odborná, vedecká literatúra pôvodná (slovenská)
|2 lita
|
| 958 |
|
|
|a RK
|
| 958 |
|
|
|a TL
|
| 958 |
|
|
|a MI
|
| 958 |
|
|
|a OND
|
| 958 |
|
|
|a ZB
|
| 958 |
|
|
|a NB
|
| 958 |
|
|
|a EUIPO
|
| 999 |
|
|
|c 868080
|d 870010
|
| 952 |
|
|
|a SNK
|b SNK
|y PREZ
|7 0
|p 17A0882773
|o snkSC 17838/1
|i snkKSP 3192/63
|0 0
|1 0
|4 0
|d 2020-10-06
|f 1
|l 0
|r 2025-07-25 00:00:00
|w 2026-02-24
|
| 952 |
|
|
|a SNK
|b SNK
|y VYP
|7 0
|o snkSC 17838/1 D1
|0 0
|1 0
|4 0
|d 2020-10-06
|l 0
|r 2026-02-24 05:33:10
|w 2026-02-24
|